Normal view
MARC view
- تاليف نور، ربيع عبد العزيز؛ مراجعة واخراح دار القاسم
Entry Personal Name
001 - CONTROL NUMBER
- control field: 48644
003 - CONTROL NUMBER IDENTIFIER
- control field: JO-AjAnu
005 - DATE AND TIME OF LATEST TRANSACTION
- control field: 20230606082024.0
008 - FIXED-LENGTH DATA ELEMENTS
- fixed length control field: 230606|| aca||aabn | a|a d
040 ## - CATALOGING SOURCE
- Original cataloging agency: JO-AjAnu
- Transcribing agency: JO-AjAnu
100 ## - HEADING--PERSONAL NAME
- Personal name: تاليف نور، ربيع عبد العزيز؛ مراجعة واخراح دار القاسم
670 ## - SOURCE DATA FOUND
- Source citation: Work cat.: (JO-AjAnu)24885: تاليف نور، ربيع عبد العزيز؛ مراجعة واخراح دار القاسم, author, الروضة الزكية لنصرة خير البرية